000 01552nam a2200481 i 4500
001 38426
003 KOSZ 005
005 20200408151244.0
008 990906s1999 pl a f |000 0 pol
015 _aPB 1999/14235
020 _a8388007181
035 _a991011367389705066
035 _a(PL-WaBN)b13094336-48omnis_nlop
035 _ab13094336
035 _a(OCoLC)749230031
035 _a(PL)b0000001309433
035 _a(EXLNZ-48OMNIS_NETWORK)9910249310005606
040 _aWA N
_cWA N
_dKOSZ 005/HR
041 0 _apol
046 _k1999
080 _a621.1
080 _a665.6/.7
100 1 _aRokicki, Henryk
_eAutor
245 1 0 _aBadanie energetyczne grzewczego kotła wodnego opalanego gazem /
_cHenryk Rokicki ; Politechnika Gdańska.
260 _aGdańsk :
_bWydaw. PG,
_c1999.
300 _a32 s. :
_brys. ;
_c24 cm.
336 _2rdacontent
_aTekst
_btxt
337 _2rdamedia
_aBez urządzenia pośredniczącego
_bn
338 _2rdacarrier
_aWolumin
_bnc
380 _aKsiążki
380 _aPublikacje naukowe
388 _a1901-2000
388 _a1989-2000
504 _aBibliogr. s. 25.
650 7 _aGaz ziemny
_2DBN
650 7 _aKotły wodne
_2DBN
658 _aInżynieria i technika
710 2 _aWydawnictwo Politechniki Gdańskiej
_4pbl
710 2 _aPolitechnika Gdańska
856 _uhttp://koha.tu.koszalin.pl/cgi-bin/koha/opac-detail.pl?biblionumber=38426
_yKatalog online BPK
942 _2UKD
_cKS
999 _c38426
_d38426